1746 1541 1504 1319 1054 1680 1581 1491 1251 1564 1538 1154 1649 1585 1891 1760 1147 1416 1279 1509 1399 1773 1609 1499 1039 1854 1840 1955 1501 1736 1443 1027 1796 1242 1179 1409 1940 1559 1447 1407 1121 1063 1269 1450 1556 1161 1680 1590 1633 1551 1583 1392 1142 1070 1008 1075 1740 1090 1155 1779 1725 1711 1129 1881 1132 1576 1393 1238 1918 1125 1787 1055 1339 1535 1685 1206 1254 1815 1217 1146 1128 1065 1690 1056 1612 1533 1382 1926 1733 1215 1775 1828 1338 1413 1338 1906 1281 1988 1274 BCNSPRNW ULIB Ver.6.0+V

เปลี่ยนเป็นภาษาไทย

Change to English
 แสดงรายละเอียดบรรณานุกรม
  กลับหน้าหลัก

Brief Record : Get Marc (ISO 2709) : E-mail record : QR code < ปิดหน้าต่าง
LEADER : 00000nam 2200000uu 4500
001    13399108470
003     ULIB
008    110304s2543||||th 000 0 tha d
020    9746637002(ล.9)
060  4 QV55^bม598ย ล.9 2543
100 0  นงลักษณ์ สุขวาณิชย์ศิลป์
245 00 ยาใหม่ในประเทศไทย 9/^cนงลักษณ์ สุขวาณิชย์ศิลป์,บรรณาธิการ
246 30 ยาใหม่ในประเทศไทย 9
260    กรุงเทพฯ :^bคลังข้อมูลยา คณะเภสัชศาสตร์ มหาวิทยาลัยมหิดล,^c2543
300    277 หน้า
650  7 ยา
650  7 เภสัชวิทยา
650  7 การใช้ยา^xคู่มือ
710 2  มหาวิทยาลัยมหิดล. ^bคณะเภสัชศาสตร์. ^bคลังข้อมูลยา
945    ^p280^l0^i015125
945    ^p280^l0^i015124
995    ทศพร
999 ^a ใช้งานได้ทุกระบบ
รายการนี้ยังไม่มีแท็ก
คุณยังไม่ได้ล็อกอิน คุณสามารถมีกิจกรรมร่วมกับเว็บไซต์ได้ แต่ต้องล็อกอินก่อน ::
  ล็อกอิน

รายการสื่อสารสนเทศ

ลำดับที่ ประเภท เลขเรียก/บาร์โค้ด สถานที่ สถานะ
- ไม่พบข้อมูล -

รายการใกล้เคียง
    ผู้แต่ง [นงลักษณ์ สุขวาณิชย์ศิลป์]

    หัวเรื่อง [ยา]
    หัวเรื่อง [เภสัชวิทยา]

BibComment


ยังไม่เคยถูกคอมเมนท์

คอมเมนท์ทรัพยากรรายการนี้
  คอมเมนท์: ยาใหม่ในประเทศไทย..


 Copyright 2026. Bcnsprnw @Library